Central Library OPAC University of Rajshahi

Opportunities and Problems of Women Working with Educational Institutes in Rajshahi city / (Record no. 75825)

MARC details
000 -LEADER
fixed length control field 01026ntm a2200253 a 4500
001 - CONTROL NUMBER
control field 75825
003 - CONTROL NUMBER IDENTIFIER
rucl marc code BD-RjUL
005 - DATE AND TIME OF LATEST TRANSACTION
control field 20211209082742.0
008 - FIXED-LENGTH DATA ELEMENTS--GENERAL INFORMATION
fixed length control field 190718s2018 bg a|||| bm|| 00| 0 eng d
035 ## - SYSTEM CONTROL NUMBER
System control number (BD-RjUL)76044
040 ## - CATALOGING SOURCE
Original cataloging agency BD-RjUL
Language of cataloging eng
Transcribing agency BD-RjUL
Modifying agency BD-RjUL
041 ## - LANGUAGE CODE
Language code of text/sound track or separate title eng
082 ## - DEWEY DECIMAL CLASSIFICATION NUMBER
Edition number 23
Classification number 305.420954924
Author mark and year NAO 2018
100 1# - MAIN ENTRY--PERSONAL NAME
Personal name Nazneen
9 (RLIN) 5475
245 10 - TITLE STATEMENT
Title Opportunities and Problems of Women Working with Educational Institutes in Rajshahi city /
Statement of responsibility, etc. by Nazneen ;
Linkage Supervisor: Mustafa Kamal Akand
260 ## - PUBLICATION, DISTRIBUTION, ETC. (IMPRINT)
Place of publication, distribution, etc. Rajshahi :
Name of publisher, distributor, etc. Institute of Education and Research (IER), University of Rajshahi,
Date of publication, distribution, etc. 2018
300 ## - PHYSICAL DESCRIPTION
Pagination xix, 234 leaves :
Illustrations Ill. ;
Size 29 cm.
502 ## - DISSERTATION NOTE
Dissertation note Thesis (Ph. D.) -- Institute of Education and Research (IER), University of Rajshahi, 2018
504 ## - BIBLIOGRAPHY, ETC. NOTE
Bibliography, etc References: Leaves 223-234
650 ## - SUBJECT ADDED ENTRY--TOPICAL TERM
Topical term or geographic name as entry element Women
General subdivision Employment
Geographic subdivision Bangladesh
-- Rajshahi city
9 (RLIN) 232405
Topical term or geographic name as entry element Women
General subdivision Education
Geographic subdivision Bangladesh
-- Rajshahi city
9 (RLIN) 232406
700 ## - ADDED ENTRY--PERSONAL NAME
Personal name Akand, Mustafa Kamal, Supervisor
942 ## - ADDED ENTRY ELEMENTS (KOHA)
Source of classification or shelving scheme Dewey Decimal Classification
Koha item type Theses
Holdings
Lost status Source of classification or shelving scheme Damaged status Not for loan Collection code Permanent Location Current Location Shelving location Date acquired Source of acquisition Total Checkouts Full call number Date last seen Copy number Koha item type
  Dewey Decimal Classification   Not For Loan Theses Central Library, University of Rajshahi Central Library, University of Rajshahi Documentation Section 28/04/2019 Controller of Examination Office, R. U.   THE 305.420954924 NAO 2018 18/07/2019 C-1 Theses